ON THE BROADBAND RADIATIVE FLUXES IN URBAN ENVIRONMENT

Bibliographic Details
Main Author: Sedlák, P. (Author)
Format: Article
Language:English

MARC

LEADER 00000naa a2200000uu 4500
001 vtls011085006
003 SK-MaSNL
005 20260302105108.0
008 210905|1996 xo |||||||||||||||||eng|
015 |a SNBRA 
035 |a (urnnbn)urn:nbn:sk:snk:ar-a0clo8 
035 |a (uuid)696495d4-93ec-4ace-98a5-f40fc9d093db 
035 |a urn:nbn:sk:snk-aavrk8 
040 |a SNKBUCL  |b slo  |c SNKBUCL  |e AACR2 
041 0 |a eng 
044 |a xo  |c SK 
100 1 |a Sedlák, P.  |4 aut  |9 782783 
245 1 0 |a ON THE BROADBAND RADIATIVE FLUXES IN URBAN ENVIRONMENT  |c P. Sedlák 
773 0 |t Meteorological processes in the boundary layer of the atmosphere  |d Bratislava : Geophysical Institute of the Slovak Academy of Sciences, 1996  |g S. 72-75  |z 8085754053 
958 |a OND 
958 |a article12 
958 |a chapter 
999 |c 1237372  |d 1239302